00909nam a22002657a 45000010005000000030006000050050017000110080041000280200018000690400029000870500015001160820010001311000029001412450079001702500035002492600036002843000045003205050007003655200151003725210018005235210018005416500022005596500027005817000035006085885FISKH20250130104454.0250130b cb ||||| |||| 00| 0 eng d a9781575650883 aFISKHbengcFISKHdFISKH aPZ7.R387 I a468.6 aRichards, Kittyd(1861-) aIt's about time, Max! /cby Kitty Richards Illustrated by Gioia Fiammenghi aThis edition published in 2000 aGioia :bThe Kane Press,c2000. a32 pages :bcolor illustrations ;c23 cm aL  aWhen Max misplaces his digital watch, he replaces it with an analog watch that he does not know how to read and finds himself late for everything.8 a520 bLexile 8 aL bRaz-Plus  2Living mathaTime 2HomeschoolaCurriculum aFiammenghi, Gioiadillustrator